000 00638cam a2200253 4500
008 090401t1996 xxu||||| |||| 00| 0 eng d
020 _a0415054907
035 _a(Sirsi) u82516
041 _aeng
050 _a711.554
100 _aGilg, Andrew
245 _aCountryside planning: the first half century.
250 _a2nd ed.
260 _aLondon
_bRoutledge
_c1996
300 _axiv,291p. ; 23cm.
350 _a15.99
650 _aCOUNTRYSIDE PLANNING
650 _aENVIRONMENTAL PLANNING
650 _aFORESTRY
650 _aRURAL POLICY
690 _aPLANNING LAW AND PRACTICE
942 _n0
948 _c04/12/1997
999 _c96792
_d96792